<?xml version="1.0" encoding="UTF-8"?><marc:collection xmlns:marc="http://www.loc.gov/MARC21/slim">
  <marc:record>
    <marc:leader>00000nam##2200000za#4500</marc:leader>
    <marc:controlfield tag="001">9.687603</marc:controlfield>
    <marc:controlfield tag="003">CaOODSP</marc:controlfield>
    <marc:controlfield tag="005">20210624231041</marc:controlfield>
    <marc:controlfield tag="007">cr |||||||||||</marc:controlfield>
    <marc:controlfield tag="008">150407|2005||||xxc|||||o    f|0| 0 eng|d</marc:controlfield>
    <marc:datafield tag="020" ind1=" " ind2=" ">
      <marc:subfield code="a">0-662-40855-1</marc:subfield>
    </marc:datafield>
    <marc:datafield tag="040" ind1=" " ind2=" ">
      <marc:subfield code="a">CaOODSP</marc:subfield>
      <marc:subfield code="b">eng</marc:subfield>
    </marc:datafield>
    <marc:datafield tag="043" ind1=" " ind2=" ">
      <marc:subfield code="a">n-cn---</marc:subfield>
    </marc:datafield>
    <marc:datafield tag="086" ind1="1" ind2=" ">
      <marc:subfield code="a">En84-22/2005E-PDF</marc:subfield>
    </marc:datafield>
    <marc:datafield tag="110" ind1="1" ind2=" ">
      <marc:subfield code="a">Canada. </marc:subfield>
      <marc:subfield code="b">Environment Canada. </marc:subfield>
      <marc:subfield code="b">Environmental Protection Service.</marc:subfield>
    </marc:datafield>
    <marc:datafield tag="245" ind1="1" ind2="0">
      <marc:subfield code="a">Taking action on contaminated sites : </marc:subfield>
      <marc:subfield code="h">[electronic resource]</marc:subfield>
      <marc:subfield code="b">an environmental and economic priority </marc:subfield>
    </marc:datafield>
    <marc:datafield tag="260" ind1=" " ind2=" ">
      <marc:subfield code="a">Gatineau - Quebec : </marc:subfield>
      <marc:subfield code="b">Environment Canada. </marc:subfield>
      <marc:subfield code="c">July 2005.</marc:subfield>
    </marc:datafield>
    <marc:datafield tag="300" ind1=" " ind2=" ">
      <marc:subfield code="a">23p.</marc:subfield>
      <marc:subfield code="b">maps (some coloured), tables, photographs</marc:subfield>
    </marc:datafield>
    <marc:datafield tag="500" ind1=" " ind2=" ">
      <marc:subfield code="a">At head of title: Federal Contamined Sites.</marc:subfield>
    </marc:datafield>
    <marc:datafield tag="504" ind1=" " ind2=" ">
      <marc:subfield code="a">Bibliography.</marc:subfield>
    </marc:datafield>
    <marc:datafield tag="520" ind1="3" ind2=" ">
      <marc:subfield code="a">Activities over the last century have left an environmental legacy that includes toxic waste sites, abandoned mines, contaminated military installations, leaking fuel storage depots, and other hazards to human health and the environment. The practices and activities of past years were consistent with the standards of the time and were carried out without full consideration of the environmental and health protection consequences they created. This booklet provides an overview of progress to date on initiatives to remediate federal contaminated sites and is the first in a series of updates the Government of Canada will provide to Canadians as this environmental legacy becomes an environmental and economic opportunity.</marc:subfield>
    </marc:datafield>
    <marc:datafield tag="590" ind1=" " ind2=" ">
      <marc:subfield code="a">12-20-Supp</marc:subfield>
      <marc:subfield code="b">2012-05-09</marc:subfield>
    </marc:datafield>
    <marc:datafield tag="690" ind1="0" ind2="7">
      <marc:subfield code="a">Decontamination</marc:subfield>
      <marc:subfield code="2">gcpds</marc:subfield>
    </marc:datafield>
    <marc:datafield tag="775" ind1="0" ind2="8">
      <marc:subfield code="t">Agir pour assainir les sites contaminés fédéraux : </marc:subfield>
      <marc:subfield code="w">(CaOODSP)9.632046</marc:subfield>
    </marc:datafield>
    <marc:datafield tag="776" ind1="0" ind2="#">
      <marc:subfield code="t">Taking action on federal contaminated sites : </marc:subfield>
      <marc:subfield code="w">(CaOODSP)9.666633</marc:subfield>
    </marc:datafield>
    <marc:datafield tag="776" ind1="0" ind2="#">
      <marc:subfield code="t">Agir pour assainir les sites contaminés fédéraux : </marc:subfield>
      <marc:subfield code="w">(CaOODSP)9.666634</marc:subfield>
    </marc:datafield>
    <marc:datafield tag="856" ind1="4" ind2="0">
      <marc:subfield code="a">http://publications.gc.ca</marc:subfield>
      <marc:subfield code="q">PDF</marc:subfield>
      <marc:subfield code="s">1.62 MB</marc:subfield>
      <marc:subfield code="u">https://publications.gc.ca/collections/collection_2012/ec/En84-22-2005-eng.pdf</marc:subfield>
    </marc:datafield>
  </marc:record>
</marc:collection>
